Stati per numero di Forze di pace delle Nazioni Unite - Statistics

Statistiche generali
  • Questo quiz è stato fatto 3 volte
  • Il punteggio medio è 7 su 10
Statistiche sulle risposte
Numero di caschi blu Continente Nazione % Corretto
6 447 Asia Bangladesh
100%
2 248 Asia Cina
100%
2 818 Africa Egitto
100%
5 481 Asia India
100%
3 949 Asia Pakistan
100%
2 296 Africa Ghana
50%
2 818 Asia Indonesia
50%
5 536 Asia Nepal
50%
4 856 Africa Etiopia
0%
5 263 Africa Ruanda
0%
Nessun quiz corrispondente trovato
Distribuzione punteggi
Percentuale di utenti per punteggio
Percentile per numero di risposta
I tuoi punteggi nel tempo
Non hai fatto questo quiz